Amyl and the Sniffers: All Songs - Statistics

General Stats
  • This quiz has been taken 5 times
  • The average score is 32 of 49
Answer Stats
Hint Answer % Correct
Cartoon Darkness Big Dreams
100%
Big Attraction Blowjobs
100%
Cartoon Darkness Chewing Gum
100%
Comfort to Me Choices
100%
Cartoon Darkness Doing In Me Head
100%
Comfort to Me Don't Need A Cunt (Like You To Love Me)
100%
Amyl and the Sniffers Gacked On Anger
100%
Amyl and the Sniffers Got You
100%
Comfort to Me Guided By Angels
100%
Cartoon Darkness It's Mine
100%
Cartoon Darkness Jerkin'
100%
Comfort to Me Maggot
100%
Comfort to Me Security
100%
Amyl and the Sniffers Some Mutts (Can't Be Muzzled)
100%
Cartoon Darkness U Should Not Be Doing That
100%
Big Attraction 70's Street Munchies
50%
Amyl and the Sniffers Angel
50%
Cartoon Darkness Bailing On Me
50%
Big Attraction Balaclava Lover Boogie
50%
Giddy Up Caltex Cowgirl
50%
Comfort to Me Capital
50%
Amyl and the Sniffers Control
50%
Amyl and the Sniffers Cup Of Destiny
50%
Cartoon Darkness Do It Do It
50%
Comfort to Me Don't Fence Me In
50%
Comfort to Me Freaks To The Front
50%
Amyl and the Sniffers GFY
50%
Cartoon Darkness Going Somewhere
50%
Comfort to Me Hertz
50%
Big Attraction I'm Not A Loser
50%
Comfort to Me Knifey
50%
Comfort to Me Laughing
50%
Giddy Up Mandalay
50%
Cartoon Darkness Me And The Girls
50%
Big Attraction Mole (Sniff Sniff)
50%
Amyl and the Sniffers Monsoon Rock
50%
Cartoon Darkness Motorbike Song
50%
Comfort to Me No More Tears
50%
Cartoon Darkness Pigs
50%
Giddy Up Pleasure Forever
50%
Amyl and the Sniffers Punisha
50%
Amyl and the Sniffers Shake Ya
50%
Comfort to Me Snakes
50%
Amyl and the Sniffers Starfire 500
50%
Giddy Up Stole My Push Bike
50%
Cartoon Darkness Tiny Bikini
50%
Big Attraction Westgate
50%
Single w/Fred Again You're A Star
50%
Comfort to Me (Japan Bonus) Crave
0%
No matching quizzes found
Score Distribution
Percent of People with Each Score
Percentile by Number Answered
Your Score History
You have not taken this quiz